| 000 | 00814nam a2200241Ia 4500 | ||
|---|---|---|---|
| 003 | OSt | ||
| 005 | 20220207151504.0 | ||
| 008 | 210716s2006 xx 000 0 und d | ||
| 020 | _a0070600988 | ||
| 040 | _cAIMIT LIBRARY | ||
| 041 | _aeng | ||
| 082 |
_a658.4 _22 _bKINA |
||
| 100 |
_aKinicki, Angelo. _917251 |
||
| 245 |
_aOrganizational behaviour: _bconcepts, skill and practices / _cBy Angelo Kinicki and Robert Kreitner. |
||
| 250 | _a2nd ed. | ||
| 260 |
_aNew Delhi : _bTata McGraw Hill Publishing Company Ltd, _c2006. |
||
| 300 | _aXvi,460p. ; | ||
| 650 |
_aManaging prople in global economy _917252 |
||
| 650 |
_aMaking decisions and managing social processes _917253 |
||
| 650 |
_aManaging evolving organizations _917254 |
||
| 700 |
_aKreitner, Robert. _917255 |
||
| 942 |
_2ddc _cBK _e2nd _k658.4 KINA |
||
| 999 |
_c200519 _d200519 |
||